Natural rubber latex based nanocomposites with layered silicates (Record no. 52123)

MARC details
000 -LEADER
fixed length control field 00560nam a2200217Ia 4500
100 ## - MAIN ENTRY--AUTHOR NAME
Personal name Mathew S.[b]
245 #0 - TITLE STATEMENT
Title Natural rubber latex based nanocomposites with layered silicates
260 ## - PUBLICATION, DISTRIBUTION, ETC. (IMPRINT)
Name of publisher Journal of Rubber Research
Year of publication 2005
300 ## - PHYSICAL DESCRIPTION
Number of Pages 15-Jan
650 ## - SUBJECT ADDED ENTRY--TOPICAL TERM
Topical Term Bentonite
650 ## - SUBJECT ADDED ENTRY--TOPICAL TERM
Topical Term Clay
650 ## - SUBJECT ADDED ENTRY--TOPICAL TERM
Topical Term Latex
650 ## - SUBJECT ADDED ENTRY--TOPICAL TERM
Topical Term Layered silicate
650 ## - SUBJECT ADDED ENTRY--TOPICAL TERM
Topical Term Nanocomposite
650 ## - SUBJECT ADDED ENTRY--TOPICAL TERM
Topical Term Natural rubber
650 ## - SUBJECT ADDED ENTRY--TOPICAL TERM
Topical Term Prevulcanized latex
650 ## - SUBJECT ADDED ENTRY--TOPICAL TERM
Topical Term Sulphur
700 ## - ADDED ENTRY--PERSONAL NAME
Personal name Varghese S.
942 ## - ADDED ENTRY ELEMENTS (KOHA)
Koha item type Bibliography STAF
Holdings
Withdrawn status Lost status Damaged status Not for loan Home library Current library Date acquired Serial Enumeration / chronology Koha item type
      Bibliography RRII Library RRII Library 09/04/2014 Volume 8, Issue 1 Bibliography STAF